Del tiempo y del olvido / (Record no. 175833)

MARC details
000 -LEADER
campo de control de longitud fija 00706nam a22002295i 4500
001 - NÚMERO DE CONTROL
campo de control 175833
003 - IDENTIFICADOR DE NÚMERO DE CONTROL
campo de control ES-MaACL
005 - FECHA Y HORA DE LA ÚLTIMA TRANSACCIÓN
campo de control 20240508063049.0
008 - DATOS DE LONGITUD FIJA--INFORMACIÓN GENERAL
campo de control de longitud fija 101124s1977 sp o |||| | spa d
020 ## - NÚMERO INTERNACIONAL ESTÁNDAR DEL LIBRO
Número Internacional Estándar del Libro 8426427219
080 ## - NÚMERO DE LA CLASIFICACIÓN DECIMAL UNIVERSAL
Número de la Clasificación Decimal Universal 821.134.2-14"19"
100 1# - ENTRADA PRINCIPAL--NOMBRE DE PERSONA
Nombre de persona Goytisolo, José Agustín,
Fechas asociadas al nombre 1928-
9 (RLIN) 59420
245 10 - MENCIÓN DEL TÍTULO
Título Del tiempo y del olvido /
Mención de responsabilidad, etc. José Agustín Goytisolo.
250 ## - MENCION DE EDICION
Mención de edición 1ª ed.
260 ## - PUBLICACIÓN, DISTRIBUCIÓN, ETC.
Lugar de publicación, distribución, etc. Barcelona :
Nombre del editor, distribuidor, etc. Lumen,
Fecha de publicación, distribución, etc. 1977.
300 ## - DESCRIPCIÓN FÍSICA
Extensión 88, [2] p. , [3] h. ;
Dimensiones 21 cm.
490 1# - MENCIÓN DE SERIE
Mención de serie El bardo, colección de poesía ;
Designación de volumen o secuencia 121
830 0# - PUNTO DE ACCESO ADICIONAL DE SERIE-TÍTULO UNIFORME
Título uniforme El Bardo (Batlló, José) ;
Designación de volumen o secuencia 121
9 (RLIN) 235922
852 ## - LOCALIZACIÓN
Ubicación ES-MaACL
Número de control de estantería E-13658
Encuadernación Olim P-361-Ter
942 ## - ELEMENTOS DE ENTRADA SECUNDARIOS (KOHA)
Fuente del sistema de clasificación o colocación Clasificación decimal universal
Holdings
Estatus retirado Estado de pérdida Estado de daño No para préstamo Biblioteca de origen Biblioteca actual Ubicación en estantería Fecha de adquisición Fuente de adquisición Total de préstamos Signatura topográfica completa Código de barras Visto por última vez Precio de reemplazo Tipo de ítem Koha
        Biblioteca del Ateneo de Madrid Biblioteca del Ateneo de Madrid Depósito 2 24/11/2010     E-13658 1184647 23/02/2023 23/02/2023 Libro impreso